[Event "British Columbia op"]
[Site "Richmond"]
[Date "2014.02.10"]
[Round "5.8"]
[White "Chan, James"]
[Black "Lin, Alex Y"]
[Result "1/2-1/2"]
[WhiteElo "2119"]
[BlackElo "1872"]
[PlyCount "137"]
[EventDate "2014.02.08"]
[EventType "swiss"]
[EventRounds "6"]
[EventCountry "CAN"]
[SourceTitle "EXT 2022"]
[Source "ChessBase"]
[SourceDate "2021.10.06"]
[SourceVersion "1"]
[SourceVersionDate "2021.10.06"]
[SourceQuality "1"]

1. d4 Nf6 2. Nf3 d5 3. c4 e6 4. g3 Be7 5. Bg2 0-0 6. 0-0 b6 7. cxd5 exd5 8. Nc3 Bb7 9. Qb3 Re8 10. Bf4 Nbd7 11. Nb5 Rc8 12. Nxa7 Ra8 13. Nb5 Rc8 14. Rac1 c5 15. dxc5 Nxc5 16. Qd1 Qd7 17. Nc3 Bd6 18. Bxd6 Qxd6 19. Nd4 Qe5 20. Nf3 Qe7 21. Re1 Red8 22. Nd4 Qe5 23. Bh3 Ne6 24. e3 Rc4 25. b3 Rc5 26. Na4 Ra5 27. Nxe6 fxe6 28. Qd4 Nd7 29. Qxe5 Nxe5 30. Bxe6+ Kh8 31. Red1 Nf3+ 32. Kf1 d4 33. h4 d3 34. Rc7 Be4 35. Nc3 Nh2+ 36. Kg1 Nf3+ 37. Kh1 Ng5+ 38. Nxe4 Nxe4 39. Kg2 Rxa2 40. Rxd3 Rxf2+ 41. Kg1 Rdf8 42. Rc8 Rxc8 43. Bxc8 Rf8 44. Bg4 Nxg3 45. Rd6 h5 46. Be6 Rf3 47. Rd3 Ne2+ 48. Kg2 Nf4+ 49. Kxf3 Nxd3 50. Ke4 Nc5+ 51. Kf5 g6+ 52. Kf6 Kh7 53. Bf7 Ne4+ 54. Ke5 Nd2 55. Bd5 Kg7 56. Kd6 Kf6 57. e4 Nf3 58. Bb7 b5 59. b4 Ne5 60. Ba6 Nc4+ 61. Kd5 Ne3+ 62. Kd4 Nc2+ 63. Kc3 Nxb4 64. Kxb4 g5 65. hxg5+ Kxg5 66. Kxb5 Kf4 67. Bb7 h4 68. Kc5 Ke5 69. Bc8 1/2-1/2

[Event "British Columbia op"]
[Site "Richmond"]
[Date "2014.02.09"]
[Round "4.8"]
[White "Lin, Alex Y"]
[Black "Kalisvaart, Peter"]
[Result "0-1"]
[WhiteElo "1872"]
[BlackElo "2038"]
[PlyCount "98"]
[EventDate "2014.02.08"]
[EventType "swiss"]
[EventRounds "6"]
[EventCountry "CAN"]
[SourceTitle "EXT 2022"]
[Source "ChessBase"]
[SourceDate "2021.10.06"]
[SourceVersion "1"]
[SourceVersionDate "2021.10.06"]
[SourceQuality "1"]

1. e4 e5 2. Bc4 Nf6 3. d3 Bc5 4. Nf3 d6 5. 0-0 Nc6 6. c3 Bg4 7. h3 Bh5 8. Be3 Bxe3 9. fxe3 0-0 10. Nbd2 d5 11. exd5 Nxd5 12. Qe1 Kh8 13. Qf2 a6 14. d4 Nb6 15. Nxe5 Nxe5 16. dxe5 Qe7 17. Qf4 Rad8 18. Rf2 g5 19. Qe4 Bg6 20. Qg4 h5 21. Qf3 Rxd2 22. Rxd2 Nxc4 23. Rd4 b5 24. Qf6+ Qxf6 25. exf6 Nxb2 26. Rd5 Re8 27. Rxg5 Rxe3 28. Rc5 Na4 29. Rxc7 Rxc3 30. Ra7 Rc6 31. Rf1 Nc3 32. Rf2 Ne4 33. Rf4 Nxf6 34. g4 hxg4 35. hxg4 Ne4 36. a3 Ng5 37. Rb4 Rc1+ 38. Kf2 Rc2+ 39. Ke1 Nf3+ 40. Kd1 Rc6 41. Rf4 Rd6+ 42. Kc1 Nd4 43. Kb2 Ne2 44. Rf2 Rd2+ 45. Ka1 Rd1+ 46. Ka2 Nc3+ 47. Kb2 Na4+ 48. Ka2 Bb1+ 49. Kb3 Nc5+ 0-1

[Event "CAN-ch U14"]
[Site "Ottawa"]
[Date "2013.07.11"]
[Round "4"]
[White "Zhang, Jeff"]
[Black "Lin, Alex Y"]
[Result "0-1"]
[WhiteElo "1500"]
[BlackElo "1809"]
[PlyCount "76"]
[EventDate "2013.07.10"]
[EventType "swiss"]
[EventRounds "6"]
[EventCountry "CAN"]
[SourceTitle "EXT 2022"]
[Source "ChessBase"]
[SourceDate "2021.10.06"]
[SourceVersion "1"]
[SourceVersionDate "2021.10.06"]
[SourceQuality "1"]

1. e4 e5 2. Nf3 Nc6 3. Bc4 Nf6 4. Ng5 d5 5. exd5 b5 6. Bxb5 Qxd5 7. Bxc6+ Qxc6 8. 0-0 h6 9. Nf3 e4 10. Re1 Be7 11. Qe2 0-0 12. Nd4 Qd5 13. Qe3 Bc5 14. c3 Re8 15. h3 Ba6 16. b4 Bb6 17. a4 Rad8 18. Bb2 c5 19. bxc5 Bxc5 20. Na3 Bd3 21. Nab5 Bxb5 22. axb5 Bxd4 23. Qxd4 Qxb5 24. c4 Qb8 25. Qc3 Rd3 26. Qc2 Qf4 27. Re3 Red8 28. Bc3 R8d7 29. Ra6 h5 30. Rc6 h4 31. Ra6 Kh7 32. Rc6 Nh5 33. Rc5 f5 34. Ra5 Qg5 35. Rxd3 Rxd3 36. Rxa7 Rd6 37. Qb2 Rg6 38. c5 Qxg2# 0-1

[Event "CAN-ch U14"]
[Site "Ottawa"]
[Date "2013.07.10"]
[Round "2"]
[White "Cao, Jason"]
[Black "Lin, Alex Y"]
[Result "1-0"]
[WhiteElo "2239"]
[BlackElo "1809"]
[PlyCount "127"]
[EventDate "2013.07.10"]
[EventType "swiss"]
[EventRounds "6"]
[EventCountry "CAN"]
[SourceTitle "EXT 2022"]
[Source "ChessBase"]
[SourceDate "2021.10.06"]
[SourceVersion "1"]
[SourceVersionDate "2021.10.06"]
[SourceQuality "1"]

1. e4 e5 2. Nf3 Nc6 3. Bb5 a6 4. Ba4 Nf6 5. d3 b5 6. Bb3 Be7 7. 0-0 0-0 8. c3 d6 9. Nbd2 Bb7 10. Re1 h6 11. Nf1 Re8 12. Ng3 Bf8 13. d4 Qd7 14. h3 Rad8 15. a4 g6 16. axb5 axb5 17. d5 Nb8 18. Ra7 Qc8 19. Be3 Nbd7 20. Qd2 Kh7 21. Qd3 Ba6 22. Ra1 Nb8 23. c4 bxc4 24. Bxc4 Bxc4 25. Qxc4 Re7 26. b4 Qd7 27. b5 Rc8 28. Rb7 Ne8 29. Rc1 Qd8 30. Qb3 Nd7 31. Nd2 Rb8 32. Rxb8 Qxb8 33. Nc4 Qa8 34. Rc2 Nb8 35. Ra2 Qb7 36. Ra7 Qc8 37. Na5 Nf6 38. Ra8 Re8 39. Ba7 Nfd7 40. Qf3 Kg8 41. Qg4 Bg7 42. h4 h5 43. Qh3 Kh7 44. Bxb8 Nb6 45. Qxc8 Rxc8 46. Ra7 Rxb8 47. Rxc7 Kg8 48. Nf1 Na4 49. Rb7 Rxb7 50. Nxb7 Bf8 51. Na5 Be7 52. Nc4 Kf8 53. Nfe3 Ke8 54. g3 Kd7 55. Nd1 Bd8 56. f3 f6 57. g4 Bb6+ 58. Nxb6+ Nxb6 59. gxh5 gxh5 60. Ne3 Na4 61. Nf5 Kc7 62. Kf2 Nc5 63. b6+ Kxb6 64. Nxd6 1-0